| 000 | 00690nam a2200229Ia 4500 | ||
|---|---|---|---|
| 003 | OSt | ||
| 005 | 20220928123730.0 | ||
| 006 | a|||||r|||| 00| 0 | ||
| 007 | ta | ||
| 008 | 220927b |||||||| |||| 00| 0 eng d | ||
| 024 | _a142203 | ||
| 037 | _cReports / Technical Reports | ||
| 040 |
_aSDCL _cSDCL _beng |
||
| 041 |
_2eng _aeng |
||
| 082 | _aXn2,N68, P0 RR | ||
| 100 |
_aSTATISTICAL YEA BOOK 2000 _9461361 |
||
| 245 | 0 | _aStatistical year book 2000 | |
| 260 |
_aNew Delhi _bConfederation of Indian Industry _c2000 |
||
| 300 |
_axlii,239p _ccm. |
||
| 942 |
_hXn2,N68, P0 RR _cREP _2CC |
||
| 999 |
_c774396 _d774396 |
||